Vẽ kỹ thuật

Sách dành cho học sinh các trường đào tạo nghề, trường trung học công nghiệp và trường cao đẳng kỹ thuật... Nội dung bao gồm có 14 chương và tóm tắt, ôn tập và phụ lục; hướng dẫn sinh viên về tiêu chuẩn và quy ước bản vẽ kỹ thuật về c...

Ful tanımlama

Kaydedildi:
Detaylı Bibliyografya
Yazar: Trần, Hữu Quế
Materyal Türü: Kitap
Dil:Undetermined
Baskı/Yayın Bilgisi: Hà Nội Khoa học và Kỹ thuật 2006
Konular:
Etiketler: Etiketle
Etiket eklenmemiş, İlk siz ekleyin!
Thư viện lưu trữ: Trung tâm Học liệu Trường Đại học Cần Thơ
LEADER 01042nam a2200205Ia 4500
001 CTU_131442
008 210402s9999 xx 000 0 und d
020 |c 42000 
082 |a 604.2 
082 |b Qu250 
100 |a Trần, Hữu Quế 
245 0 |a Vẽ kỹ thuật 
245 0 |c Trần Hữu Quế, Nguyễn Văn Tuấn 
260 |a Hà Nội 
260 |b Khoa học và Kỹ thuật 
260 |c 2006 
520 |a Sách dành cho học sinh các trường đào tạo nghề, trường trung học công nghiệp và trường cao đẳng kỹ thuật... Nội dung bao gồm có 14 chương và tóm tắt, ôn tập và phụ lục; hướng dẫn sinh viên về tiêu chuẩn và quy ước bản vẽ kỹ thuật về các cấu trúc hình học của một bản vẽ... 
650 |a Mechanical drawing,Engineeing design,Vẽ kỹ thuật 
904 |i Hạ Nguyên 
980 |a Trung tâm Học liệu Trường Đại học Cần Thơ